Sports Quiz

Random Sports or Olympics Quiz

2010 Winter Olympic Medal Countries Quiz Stats

 Plays Quiz Updated Jul 13, 2016

Challenge
Share
Tweet
Embed
Score 0/26 Timer 02:00
6 Plays Today
Total Medals Country % Correct
37USA
99.6%
15Russia
94.8%
26Canada
94.3%
11China
90.3%
30Germany
90.2%
11Sweden
88.1%
11France
86.6%
23Norway
86.1%
5Japan
85.4%
1Great Britain
85.2%
5Finland
82.1%
5Italy
78.8%
9Switzerland
73.8%
Total Medals Country % Correct
16Austria
69.5%
6Poland
62.9%
14South Korea
61.5%
3Australia
60.8%
8Netherlands
60.2%
6Czech Republic
48.7%
3Slovakia
43.6%
2Latvia
41.5%
3Slovenia
37.8%
1Estonia
37.6%
3Belarus
36.3%
3Croatia
28.3%
1Kazakhstan
19.3%

You're not logged in!

Compare scores with friends on all Sporcle quizzes.
OR
Log In

You Might Also Like...

Show Comments

Extras

Top Quizzes Today


Score Distribution

Your Account Isn't Verified!

In order to create a playlist on Sporcle, you need to verify the email address you used during registration. Go to your Sporcle Settings to finish the process.

Report this User

Report this user for behavior that violates our Community Guidelines.

Details: